000 01903cam a22002414a 4500
005 20250605164233.0
008 250528s ||||||||||||||||||||||||d
035 _a21042
020 _a9789602662960
040 _aGR-AtMCL
_bgre
_dGR-AtMCL
_eAACR2
245 1 _aΓραφικά και Οπτικοποίηση / Αρχές και Αλγόριθμοι
250 _a
260 _bΣυμμετρία,
_c2015
300 _a752
520 _aΤο παρόν βιβλίο είναι ένα εκτενές διδακτικό σύγγραμα οπτικής υπολογιστικής. Πρόλογος, Εισαγωγή, Αλγόριθμοι Σχεδίασης, Συστήματα Συντεταγμένων και Μετασχηματισμοί στις 2Δ και 3Δ, Προβολές και Μετασχηματισμοί Παρατήρησης, Περικοπή και Απομάκρυνση Κρυμμένων Επιφανειών, Αναπαράσταση και Απλοποίηση Μοντέλων, Παραμετρικές Καμπύλες και Επιφάνειες, Υποδιαίρεση για τα Γραφικά και την Οπτικοποίηση, Διαχείριση Σκηνής, Αρχές Οπτικοποίησης, Το Χρώμα στα Γραφικά και στην Οπτικοποίηση, Μοντέλα και Αλγόριθμοι Φωτισμού, Σκιές, Υφή, Παρακολούθηση Ακτίνων, Αλγόριθμοι Ολικού Φωτισμού, Βασικές Τεχνικές Συνθετικής Κίνησης, Αλγόριθμοι Οπτικοποίησης, Βιβλιογραφία, Ευρετήριο.
700 1 _aΘεοχάρης Θ
_97062
700 1 _aΠαπαιωάννου Γ
_97063
700 1 _aΠατρικαλάκης Ν.Μ
_97064
700 1 _aΠλατής Ν
_97065
942 _cBK
999 _c6113
_d6113